South Africa : (Record no. 187514)
[ view plain ]
| 000 -LEADER | |
|---|---|
| fixed length control field | 00740 a2200169 4500 |
| 003 - CONTROL NUMBER IDENTIFIER | |
| control field | Nust |
| 005 - DATE AND TIME OF LATEST TRANSACTION | |
| control field | 20230206124457.0 |
| 040 ## - CATALOGING SOURCE | |
| Transcribing agency | Nust |
| 082 ## - DEWEY DECIMAL CLASSIFICATION NUMBER | |
| Classification number | 968,KEP |
| 100 ## - MAIN ENTRY--PERSONAL NAME | |
| Personal name | keppel-Jones, Arthur |
| 9 (RLIN) | 108667 |
| 245 ## - TITLE STATEMENT | |
| Title | South Africa : |
| Remainder of title | a short history / |
| Statement of responsibility, etc. | Arthur Keppel-Jones |
| 260 ## - PUBLICATION, DISTRIBUTION, ETC. | |
| Place of publication, distribution, etc. | New York |
| Name of publisher, distributor, etc. | Hutchinson University |
| 300 ## - PHYSICAL DESCRIPTION | |
| Extent | 210:p |
| 505 ## - FORMATTED CONTENTS NOTE | |
| Formatted contents note | The Half-Way House (Page-11), The Afrikaners (Page-24), Slaves and Hottentots (Page-38), The Bantu Trek (Page-51), The Great Trek (Page-65), Diamond and Englishmen (Page-82), The Imperial (Page-96), The Outlanders (Page-116), Nationalism (Page-145), Union and Disunity (Page-153), Race Relations (Page-166), Hertzog (Page-179). |
| 650 ## - SUBJECT ADDED ENTRY--TOPICAL TERM | |
| Topical term or geographic name entry element | South Africa |
| 9 (RLIN) | 108668 |
| 942 ## - ADDED ENTRY ELEMENTS (KOHA) | |
| Source of classification or shelving scheme | |
| Koha item type | Book |
| Withdrawn status | Lost status | Source of classification or shelving scheme | Damaged status | Not for loan | Permanent Location | Current Location | Shelving location | Date acquired | Full call number | Barcode | Date last seen | Price effective from | Koha item type | Public note |
|---|---|---|---|---|---|---|---|---|---|---|---|---|---|---|
| Military College of Signals (MCS) | Military College of Signals (MCS) | General Stacks | 12/12/2016 | 968,KEP | MCS29207 | 12/08/2016 | 12/12/2016 | Book | Almirah No.62, Shelf No.5 |
